[Event "OP-2012-0-02002"]
[Site "LSS email"]
[Date "2012.01.16"]
[Round "?"]
[White "Vasquez Alegre, Desierio"]
[Black "Casto, Brett"]
[Result "1-0"]
[WhiteElo "800"]
[BlackElo "785"]
[PlyCount "58"]
[EventDate "2012.01.11"]
[EventType "tourn (corr)"]
[EventRounds "4"]
[EventCountry "GER"]
[SourceTitle "Corr 2015"]
[Source "ChessBase"]
[SourceDate "2015.07.17"]
[SourceVersion "1"]
[SourceVersionDate "2015.07.17"]
[SourceQuality "1"]

1. a3 e5 2. e4 Nf6 3. d3 Bc5 4. Nd2 0-0 5. Be2 d6 6. c3 Na6 7. Ngf3 Be6 8. 0-0 b5 9. d4 exd4 10. cxd4 Bb6 11. Bxb5 Nb8 12. d5 Bg4 13. Be2 c6 14. dxc6 Nxc6 15. Qa4 a5 16. Qxc6 Rc8 17. Qa4 Rc5 18. b4 Rh5 19. Bb2 d5 20. e5 axb4 21. exf6 Re8 22. Bb5 Qa8 23. Bxe8 Qxa4 24. Bxa4 Bc8 25. axb4 Bc7 26. b5 Bg4 27. Bd4 gxf6 28. Bxf6 Rf5 29. Bh4 Bb6 1-0

[Event "OP-2012-0-02003"]
[Site "LSS email"]
[Date "2012.01.16"]
[Round "?"]
[White "Vasquez Alegre, Desierio"]
[Black "Tsimbalenko, Dmitry Aleksandrovi"]
[Result "0-1"]
[WhiteElo "800"]
[BlackElo "1335"]
[PlyCount "64"]
[EventDate "2012.01.12"]
[EventType "tourn (corr)"]
[EventRounds "4"]
[EventCountry "GER"]
[SourceTitle "Telechess CBM 155"]
[Source "ChessBase"]
[SourceDate "2013.07.16"]
[SourceVersion "1"]
[SourceVersionDate "2013.07.16"]
[SourceQuality "1"]

1. a3 e5 2. e4 Nf6 3. d3 Bc5 4. Nd2 0-0 5. Be2 d5 6. c3 dxe4 7. dxe4 Be6 8. Ngf3 Nc6 9. b4 Bd6 10. 0-0 Qe7 11. Qc2 a6 12. Bb2 Rfd8 13. c4 b6 14. Rac1 Nd7 15. Rfd1 f6 16. Nb3 Qf7 17. Nbd2 a5 18. b5 Ne7 19. a4 Bb4 20. Nb3 c6 21. Nbd2 Nc5 22. Nf1 cxb5 23. axb5 Qg6 24. Ng3 Qe8 25. Nf1 Bf7 26. Ba1 Ra7 27. Ne1 Bg6 28. Bf3 Bxe1 29. Rxe1 Nd3 30. Re2 Nxc1 31. Qxc1 Nc8 32. Rd2 Rxd2 0-1

[Event "OP-2012-0-02002"]
[Site "LSS email"]
[Date "2012.01.15"]
[Round "?"]
[White "Vasquez Alegre, Desierio"]
[Black "Mazur, Adam"]
[Result "0-1"]
[WhiteElo "800"]
[BlackElo "924"]
[PlyCount "42"]
[EventDate "2012.01.11"]
[EventType "tourn (corr)"]
[EventRounds "4"]
[EventCountry "GER"]
[SourceTitle "Corr 2015"]
[Source "ChessBase"]
[SourceDate "2015.07.17"]
[SourceVersion "1"]
[SourceVersionDate "2015.07.17"]
[SourceQuality "1"]

1. a3 e5 2. e4 Nc6 3. d3 Nf6 4. Nd2 Bc5 5. Be2 Nd4 6. Ngf3 0-0 7. 0-0 d6 8. a4 Be6 9. c3 Nxf3+ 10. Bxf3 h6 11. b4 Bb6 12. a5 Bxf2+ 13. Rxf2 Re8 14. d4 exd4 15. cxd4 d5 16. e5 Ne4 17. Nxe4 dxe4 18. Bxe4 c6 19. Bb2 Bd5 20. Bxd5 cxd5 21. Rc1 Qg5 0-1